000 00646nam a2200253Ia 4500
003 OSt
005 20221005090447.0
006 a|||||r|||| 00| 0
007 ta
008 221004b |||||||| |||| 00| 0 eng d
024 _a68500
037 _cTextual
040 _aCRL
_cCRL
_beng
041 _2eng
_aeng
082 _aX:89M, M0
100 _aSloma Richard S.
245 0 _aHow to measure managerial performance
260 _aNew York
_bMacmillan USA
_c1980
300 _a257p.
_ccm.
650 _a ECONOMICS
650 _aMANAGEMENT
942 _hX:89M, M0
_cTEXL
_2cc
999 _c995814
_d995814